B. Sanjurjo (Record no. 106703)

MARC details
000 -LEADER
campo de control de longitud fija 01057nam a2200277 i 4500
001 - NÚMERO DE CONTROL
campo de control 106703
003 - IDENTIFICADOR DE NÚMERO DE CONTROL
campo de control ES-MaACL
005 - FECHA Y HORA DE LA ÚLTIMA TRANSACCIÓN
campo de control 20231227201228.0
007 - CAMPO FIJO DE DESCRIPCIÓN FÍSICA--INFORMACIÓN GENERAL
campo de control de longitud fija t|
008 - DATOS DE LONGITUD FIJA--INFORMACIÓN GENERAL
campo de control de longitud fija 061219s1971 sp ||||1| spa d
080 ## - NÚMERO DE LA CLASIFICACIÓN DECIMAL UNIVERSAL
Número de la Clasificación Decimal Universal 75 Sanjurjo, Bernardo (083.82)
100 1# - ENTRADA PRINCIPAL--NOMBRE DE PERSONA
Nombre de persona Sanjurjo, Bernardo.
9 (RLIN) 103169
245 10 - MENCIÓN DEL TÍTULO
Título B. Sanjurjo
Resto del título : [exposición, Ateneo de Madrid, Sala Joven - Prado 21, noviembre 1971] /
Mención de responsabilidad, etc. [texto: Luis López Anglada].
260 ## - PUBLICACIÓN, DISTRIBUCIÓN, ETC.
Lugar de publicación, distribución, etc. Madrid :
Nombre del editor, distribuidor, etc. Publicaciones Españolas,
Fecha de publicación, distribución, etc. 1971.
300 ## - DESCRIPCIÓN FÍSICA
Extensión [8] p. :
Otras características físicas il. ;
Dimensiones 20 cm.
490 1# - MENCIÓN DE SERIE
Mención de serie Serie V, Sala Joven ;
Designación de volumen o secuencia 4
600 14 - PUNTO DE ACCESO ADICIONAL DE MATERIA--NOMBRE DE PERSONA
Nombre de persona Sanjurjo, Bernardo-
Subdivisión de forma Exposiciones.
9 (RLIN) 103170
610 27 - PUNTO DE ACCESO ADICIONAL DE MATERIA--NOMBRE DE ENTIDAD CORPORATIVA
Nombre de entidad corporativa o nombre de jurisdicción como elemento de entrada Ateneo de Madrid-
Subdivisión de forma Exposiciones-
Subdivisión cronológica 1970-1979.
9 (RLIN) 1921
655 #7 - TERMINO DE INDIZACIÓN--GENERO/FORMA
Fuente del término tgfbne
9 (RLIN) 193628
Datos o término principal de género/forma Catálogos de exposiciones
700 1# - ENTRADA AGREGADA--NOMBRE PERSONAL
Nombre de persona López Anglada, Luis,
Fechas asociadas al nombre 1919-2007
9 (RLIN) 73405
710 2# - ENTRADA AGREGADA--NOMBRE DE ENTIDAD CORPORATIVA
Nombre de entidad corporativa o nombre de jurisdicción como elemento de entrada Ateneo de Madrid.
Unidad subordinada Sala Joven (Prado, 21)
9 (RLIN) 1966
830 0# - PUNTO DE ACCESO ADICIONAL DE SERIE-TÍTULO UNIFORME
Título uniforme Serie V, Sala Joven ;
Designación de volumen o secuencia 4
9 (RLIN) 185283
852 ## - LOCALIZACIÓN
Ubicación ES-MaACL
Número de control de estantería 2211-F-15
itemnumber 110756
Sublocalización o colección R.138354
Ubicación en estantería Depósito folletos
942 ## - ELEMENTOS DE ENTRADA SECUNDARIOS (KOHA)
Fuente del sistema de clasificación o colocación Clasificación decimal universal
Tipo de ítem Koha Folleto
Holdings
Estatus retirado Estado de pérdida Fuente del sistema de clasificación o colocación Estado de daño No para préstamo Colección Biblioteca de origen Biblioteca actual Ubicación en estantería Fecha de adquisición Total de préstamos Signatura topográfica completa Código de barras Visto por última vez Precio de reemplazo Tipo de ítem Koha
    Clasificación decimal universal     Colección de folletos Biblioteca del Ateneo de Madrid Biblioteca del Ateneo de Madrid Depósito folletos 17/01/2008   2211-F-15 1111378 23/02/2023 23/02/2023 Folleto